| 000 | 02348nam a22002417a 4500 | ||
|---|---|---|---|
| 005 | 20251016131348.0 | ||
| 006 | a|||||r|||| 00| 0 | ||
| 008 | 251016b |||||||| |||| 00| 0 eng d | ||
| 020 |
_z9781119679189 _q(paperback) |
||
| 040 |
_aGR-AtMCL _beng _dGR-AtMCL |
||
| 100 | 1 |
_aDavey, Graham _97267 |
|
| 245 | 1 | 0 |
_aPsychopathology : _bresearch, assessment and treatment in clinical psychology / _cGraham C. L Davey. |
| 250 | _aThird edition. | ||
| 264 | 1 |
_aHoboken, NJ : _bWiley-BPS Blackwell, _c2021 |
|
| 490 | 0 | _aBPS textbooks in psychology | |
| 500 | _aIncludes index. | ||
| 520 | _aIt feels like a significant landmark to have published the third edition of Psychopathology. Students still want to study psychology in their tens of thousands, and a significant proportion of those still enter university with the intention of becoming professional psychologists, and more specifically, with a view to learning about mental health and becoming clinical psychologists. And there is no more important time than now when it comes to learning about mental health. We live in times when mental health problems are more high profile than they've ever been, more people are becoming aware of their mental health and seeking help and support for their problems, and there are many researchers and clinicians who would claim that we live in times when many common mental health problems have reached epidemic proportions. Over the three editions of its life so far, this textbook has been refined to provide the enquiring student with access to most aspects of mental health and clinical psychology, and I hope this new edition is in a form that is easily accessible, engaging and facilitates learning. One of the main aims of this third edition was to update the research database in the book, and we've included a total of over one thousand one hundred new updated references spread across all seventeen chapters. This enables Psychopathology to act as a source book for students and instructors wanting to access the most recent evidence-based research on the causes and treatments of mental health problems. | ||
| 588 | _aDescription based on print version record and CIP data provided by publisher; resource not viewed. | ||
| 650 | 0 |
_aPsychology, Pathological _vTextbooks |
|
| 650 | 0 |
_aPsychology _910056 |
|
| 942 | _cBK | ||
| 999 |
_c9943 _d9943 |
||